Detalles MARC
| 000 -LÍDER |
| Campo fijo de descripción fija |
01489nam a22004214i 4500 |
| 001 - NÚMERO DE CONTROL |
| Campo de control |
29564057 |
| 003 - IDENTIFICADOR DEL NÚMERO DE CONTROL |
| Campo de control |
CO-MdFUSB |
| 005 - FECHA Y HORA DE LA ULTIMA TRANSACCIÓN |
| control field |
20180404151218.0 |
| 008 - ELEMENTOS DE LONGITUD FIJA -- INFORMACIÓN GENERAL |
| Campo fijo de descripción fija -- Información general |
970313t cauao g b 001 0beng |
| 010 ## - NÚMERO DE CONTROL DE LA BIBLIOTECA DEL CONGRESO |
| Número de control LC |
93048770 |
| 020 ## - NÚMERO INTERNACIONAL NORMALIZADO PARA LIBROS |
| Número Internacional Normalizado del libro |
0156000938 |
| 040 ## - FUENTE DE CATALOGACIÓN |
| Agencia de catalogación original |
DLC |
| Agencia que realiza la transcripción |
CO-MdFUSB |
| Agencia que realiza la modificación |
CO-MdFUSB |
| -- |
NLC |
| Idioma de catalogación |
spa |
| Convenciones de la descripción |
rda |
| 041 ## - CÓDIGO DE IDIOMA |
| Código de idioma para texto/pista de sonido o título separado |
eng |
| 043 ## - GEOGRAPHIC AREA CODE |
| Geographic area code |
n-us--- |
| 082 ## - NÚMERO DE CLASIFICACIÓN DECIMAL DEWEY |
| Número de la edición del Dewey |
24 |
| Número de clasificación |
G 289.94092 |
| Clave de autor-Numero de item |
EP64s |
| 100 1# - ASIENTO PRINCIPAL--NOMBRE PERSONAL |
| Nombre personal |
Epstein, Daniel Mark. |
| Término relacionador |
autor |
| 242 10 - TRADUCCIÓN DEL TÍTULO POR AGENCIA CATALOGADORA |
| Título |
Hermana Aimee |
| Parte restante del título - Subtítulo |
: la vida de Aimee Semple McPherson |
| Idioma del título original |
Inglés |
| 245 10 - TÍTULO |
| Título del Material |
Sister Aimee |
| Parte restante del título - Subtitulo |
: The life of Aimee Semple McPherson |
| Mención de responsabilidad, etc. |
/ Daniel Mark Epstein. |
| 250 ## - MENCIÓN DE EDICIÓN |
| Mención de edición |
1st Harvest ed. |
| 264 #1 - PRODUCCIÓN, PUBLICACIÓN, DISTRIBUCIÓN, MANUFACTURA, Y COPYRIGHT |
| Lugar de producción, publicación, distribución, manufactura |
San Diego : |
| Nombre del productor, publicador, distribuidor |
Harcourt Brace, |
| Fecha de producción, publicación, distribución, manufactura, o copyright |
℗1993 |
| 264 #4 - PRODUCCIÓN, PUBLICACIÓN, DISTRIBUCIÓN, MANUFACTURA, Y COPYRIGHT |
| Fecha de producción, publicación, distribución, manufactura, o copyright |
©1993 |
| 300 ## - DESCRIPCIÓN FÍSICA |
| Extensión |
x, 475 páginas : |
| Otros detalles físicos |
ilustraciones ; |
| Dimensiones |
23 cm. |
| 336 ## - TIPO DE CONTENIDO |
| Fuente |
rdacontent |
| Término de tipo de contenido |
texto |
| Código de tipo de contenido |
txt |
| 337 ## - TIPO DE MEDIO |
| Fuente |
rdamedia |
| Nombre del tipo de medio |
sin mediación |
| Código del tipo de medio |
n |
| 338 ## - TIPO DE SOPORTE |
| Fuente |
rdacarrier |
| Nombre del tipo de soporte |
volumen |
| Código Tipo de soporte |
nc |
| 500 ## - NOTA GENERAL |
| Nota General |
"A Harvest book." |
| 500 ## - NOTA GENERAL |
| Nota General |
Originally published: New York : Harcourt Brace Jovanovich, c1993. |
| 501 ## - NOTA DE “CON” |
| Nota de Contenido |
Incluye índices (p. 471- 472) |
| 504 ## - NOTA DE BIBLIOGRAFÍA, ETC. |
| Nota de bibliografía, etc |
Bibliografía (p. 459- 469) |
| 505 ## - NOTA DE CONTENIDO |
| Nota de contenido con formato preestablecido |
Los primeros años -- Su ascenso a la fama -- El toque curativo -- El templo -- Los últimos años |
| 600 10 - ASIENTO SECUNDARIO DE MATERIA - NOMBRE PERSONAL |
| Nombre personal |
McPherson, Aimee Semple, |
| Fechas asociadas con el nombre |
1890-1944. |
| 610 20 - ASIENTO SECUNDARIO DE MATERIA - NOMBRE CORPORATIVO |
| Nombre corporativo o nombre de la jurisdicción como elemento de entrada |
International Church of the Foursquare Gospel |
| Subdivisión general |
Clergy |
| Subdivisión de forma |
Biography. |
| 650 #7 - ASIENTO SECUNDARIO DE MATERIA - TERMINO TEMÁTICO |
| Término temático o nombre geográfico como elemento de entrada |
Biografía |
| 9 (RLIN) |
409 |
| 942 ## - TIPO DE MATERIAL (KOHA) |
| Tipo de Item KOHA |
Libros General |